[Event "XIV Figueira da Foz Open 2020"]
[Site "Figueira da Foz"]
[Date "2020.10.30"]
[Round "8.11"]
[White "Pintor, Simao Maciel Abranch"]
[Black "Fernandes, Miguel A. Murtinho"]
[Result "1/2-1/2"]
[WhiteElo "2115"]
[BlackElo "2139"]
[Annotator "TA"]
[PlyCount "44"]
[EventDate "2020.10.24"]
[EventType "swiss"]
[EventCountry "POR"]
[SourceTitle "playchess.com"]
[Source "ChessBase"]
[SourceQuality "1"]

{[%evp 15,44,-34,21,-6,9,9,19,-35,-32,-68,-62,-77,-68,-70,0,-10,0,10,13,15,16,13,18,0,0,0,46,0,0,0,44]} 1. Nf3 d5 2. g3 c5 3. b3 Nc6 4. Bb2 Nf6 5. Bg2 e6 6. O-O Be7 7. d4 O-O 8. Nbd2 b5 (8... cxd4 $15 9. Nxd4 Nxd4 10. Bxd4 Qc7) 9. Ne5 {D02: 1 d4 d5 2 Nf3 sidelines, including 2...Nf6 3 g3 and 2...Nf6 3 Bf4.} Nxe5 10. dxe5 Nd7 11. c4 ({Better is} 11. a4 $1 $11) 11... bxc4 $15 12. Nxc4 {[#]} Rb8 $146 ({Predecessor:} 12... Ba6 13. Nd2 Qb6 14. Re1 Rac8 15. Rc1 Rfd8 16. Ba1 Nb8 17. Nf3 Nc6 18. Qd2 h6 {0-1 (51) Perez Ramos,F-Vega Viejo,M (2219) Asturias 1999}) 13. Nd2 {[%cal Bc4d2,Bd2f3,Bf3e5][%mdl 32]} Ba6 14. f4 f6 (14... Qa5 $15) 15. exf6 $11 Bxf6 16. Bxf6 Nxf6 17. Nf3 d4 18. Ne5 Qd6 19. Qc2 Nd5 20. Be4 Nf6 (20... Ne3 $5 {[%cal Re3c2]} 21. Bxh7+ Kh8 $11) 21. Bf3 (21. Bd3 $5 {[%cal Rd3a6]}) 21... Nd5 {next ...Ne3 is good for Black.} 22. Be4 Nf6 {Av CentiPawn Loss W=-11/B=-19. Weighted=-13/-16} 1/2-1/2

[Event "XIV Figueira da Foz Open 2020"]
[Site "Figueira da Foz"]
[Date "2020.10.30"]
[Round "8.12"]
[White "Margarido, Jose Miguel Teixeira"]
[Black "Guerreiro, Nuno"]
[Result "1-0"]
[WhiteElo "2138"]
[BlackElo "2079"]
[Annotator "TA"]
[PlyCount "111"]
[EventDate "2020.10.24"]
[EventType "swiss"]
[EventCountry "POR"]
[SourceTitle "playchess.com"]
[Source "ChessBase"]
[SourceQuality "1"]

{[%evp 9,111,31,46,33,52,53,53,45,39,52,44,52,50,21,21,21,15,0,24,20,21,16,19,7,12,21,19,-39,-44,-100,-87,-110,-94,-183,-185,-170,-189,-181,-179,-172,-154,-145,-62,-147,-122,-115,-97,-105,-70,-75,-72,-78,-86,-70,-46,-47,-43,-57,-10,-16,58,56,41,25,468,468,706,705,741,741,741,729,741,723,666,539,2097,1952,12842,12843,12843,12843,12846,12846,12846,12845,12845,12845,12845,12845,12846,12846,12846,12847,12847,12847,12850,27999,27999,27999,27999,27999,27999,27999]} 1. e4 Nc6 2. Nf3 a6 3. Nc3 d6 4. d4 Nf6 5. h3 g6 6. d5 {B00: Queen's Fianchetto Defence, Nimzowitsch Defence.} Na7 7. a4 Bg7 {[#]} 8. Bc4 $146 {White is slightly better.} ({Predecessor:} 8. Bg5 O-O 9. Bd3 c5 10. O-O Bd7 11. Qe2 h6 12. Bh4 Nh5 13. e5 dxe5 14. d6 {1-0 (72) Hodina,J-McEntee,T USA 2004}) 8... O-O 9. O-O Bd7 10. Re1 b5 11. Bf1 b4 12. Nb1 a5 13. Bc4 Nc8 14. e5 dxe5 15. Nxe5 Nb6 16. Bb3 $1 Rc8 17. Be3 Be8 {[%cal Rf6d5]} 18. Bxb6 (18. c4 $11) 18... cxb6 $15 19. Qf3 {[#]} (19. c4 $15) 19... Qd6 $1 $17 20. Nd2 {[#]} Nxd5 $1 21. Bxd5 (21. Qxd5 $17 {was necessary.} Qxd5 22. Bxd5) 21... Bxe5 $19 22. Nc4 {[#]} Rxc4 $1 {[%mdl 512]} 23. Bxc4 Bxb2 24. Rad1 Qc5 25. Bb3 Bc6 ({Black should try} 25... e6 $17 26. Rd8 Bc6 27. Rxf8+ Kxf8) 26. Qe3 (26. Qf4 $1 $15) 26... Qxe3 27. Rxe3 Bf6 28. Red3 e6 29. Rd6 Rc8 30. Rxe6 fxe6 31. Bxe6+ {[%mdl 64] Double Attack} Kg7 32. Bxc8 Bxa4 $15 {[%mdl 4096] Endgame KRB-KB} 33. Rd2 Bg5 34. Re2 $1 b3 (34... Kf8 $11) 35. cxb3 $14 Bxb3 36. Be6 Bxe6 $4 {[%mdl 8192]} (36... Ba4 $1 $11 {and Black has nothing to worry.}) 37. Rxe6 $11 {KR-KB} b5 (37... a4 $142 38. Rxb6 Be7) 38. Re5 $18 {[%mdl 64] Double Attack} Bd2 39. Rxb5 Kf6 40. Kf1 Ke6 41. Ke2 Bb4 42. Kd3 h5 43. g4 hxg4 44. hxg4 Kf6 45. f4 Ke6 46. Rb6+ Kf7 47. Ra6 Be1 48. Ke4 Bb4 49. Ra7+ Kg8 50. Ke5 Bc3+ 51. Ke6 Kf8 52. f5 {Threatening mate with f6.} gxf5 53. gxf5 Kg8 {White mates.} 54. f6 Bb4 55. Ra8+ Kh7 56. f7 {White used his chance. Av CentiPawn Loss W=289/B=-60. Weighted=108/-46} 1-0

[Event "XIV Figueira da Foz Open 2020"]
[Site "Figueira da Foz"]
[Date "2020.10.30"]
[Round "8.13"]
[White "Torres Dominguez, David"]
[Black "Santos, Antonio P"]
[Result "0-1"]
[WhiteElo "2029"]
[BlackElo "2123"]
[Annotator "TA"]
[PlyCount "68"]
[EventDate "2020.10.24"]
[EventType "swiss"]
[EventCountry "POR"]
[SourceTitle "playchess.com"]
[Source "ChessBase"]
[SourceQuality "1"]

{[%evp 12,68,38,18,27,9,6,0,4,0,0,0,0,-74,-75,-177,-173,-164,-153,-191,-179,-178,-185,-448,-445,-500,-501,-523,-479,-459,-466,-557,-436,-571,-397,-575,-572,-563,-565,-670,-500,-572,-502,-710,-754,-753,-737,-989,-768,-1522,-1502,-1408,-935,-6010,-1505,-1353,-1341,-1226,-1238]} 1. e4 c5 2. Nf3 d6 3. d4 cxd4 4. Nxd4 Nf6 5. Nc3 a6 6. f4 Nc6 7. Be3 g6 {B93: Sicilian Najdorf: 6 f4.} 8. e5 Ng4 9. Nxc6 bxc6 {The position is equal.} 10. Bg1 Bg7 11. Be2 Nh6 {[#]} 12. Bf3 $146 {[#]} (12. exd6 $11 {keeps the balance.} O-O 13. Bd4) ({Predecessor:} 12. exd6 Qxd6 13. Qxd6 exd6 14. O-O-O d5 15. Bc5 Bxc3 16. bxc3 f5 17. c4 Be6 18. Bf3 {1-0 (45) Martorelli,A (2233)-Cordi,D (2055) Locri 2007}) 12... O-O $1 $17 13. exd6 (13. Qd2 $17) 13... exd6 $19 14. Bf2 Re8+ 15. Kf1 Rb8 16. Rb1 d5 17. g4 $2 {[#]} (17. h3) 17... Rb4 18. h3 Rxf4 19. Bg3 Rd4 20. Qc1 f5 {[%cal Rf5g4]} 21. g5 Nf7 22. Ne2 Ra4 23. b3 (23. h4 $142) 23... Rxa2 {Black is clearly winning.} 24. Bf4 a5 25. h4 a4 26. bxa4 Rxa4 27. h5 Ba6 28. hxg6 hxg6 29. Qd2 Qe7 30. Kf2 Bxe2 31. Rhe1 Rxf4 32. Rxe2 Qxe2+ 33. Qxe2 Rxe2+ 34. Kxe2 Nxg5 {White got outplayed after the opening. Av CentiPawn Loss W=-93/B=-81. Weighted=-110/-135} 0-1

[Event "XIV Figueira da Foz Open 2020"]
[Site "Figueira da Foz"]
[Date "2020.10.30"]
[Round "8.14"]
[White "Soares, Sara Joana De Moura "]
[Black "Silva, Mariana Sofia T."]
[Result "0-1"]
[WhiteElo "1654"]
[BlackElo "1885"]
[Annotator "NA RC"]
[PlyCount "100"]
[EventDate "2020.10.24"]
[EventType "swiss"]
[EventCountry "POR"]
[SourceTitle "playchess.com"]
[Source "ChessBase"]
[SourceQuality "1"]
[TimeControl "40/5400+30:1800+30"]

{[%evp 8,99,15,47,35,34,43,-71,-60,-143,-162,-151,-97,-108,-97,-180,-176,-225,-277,-262,-254,-381,-383,-368,-456,-437,-458,-580,-400,-360,-395,-377,-400,-396,-317,-402,-445,-472,-517,-506,-553,-459,-482,-481,-382,-507,-241,-491,-560,-512,-356,-372,-303,-326,-298,-339,-365,-335,-408,-429,32767,32767,32767,-359,-333,-676,0,-377,-487,-370,-292,-359,-552,-531,-438,-675,32767,32767,32767,32767,32767,32767,-29984,-29994,-29985,-29995,-29996,-29996,-29997,-29997,-29998,-29998,-29999,-29999]} 1. e4 c5 {[%emt 0:06:05]} 2. Nf3 {[%emt 0:04:30]} g6 {[%emt 0:00:07]} 3. d4 {[%emt 0:00:30]} cxd4 {[%emt 0:00:05]} 4. Nxd4 {[%emt 0:00:11]} Nc6 {[%emt 0:00:06]} 5. c4 {[%emt 0:00:28]} Bg7 {[%emt 0:00:05]} 6. Be3 {[%emt 0:00:17]} Nf6 {[%emt 0:00:11]} 7. Be2 {[%emt 0:00:22] B38: Sicilian: Maroczy Bind with 5...Bg7 and 7...0-0.} (7. Nc3 $14 {keeps the upper hand.}) 7... Nxe4 {[%emt 0:05:58]} 8. Bf3 {[%emt 0:00:53]} (8. O-O $142) 8... Qa5+ {[%emt 0:04:03] [#]} 9. Kf1 $146 {[%emt 0:01:50]} ({Predecessor:} 9. Ke2 Qe5 10. Nc3 Nxd4+ 11. Qxd4 Nxc3+ 12. bxc3 O-O 13. Qxe5 Bxe5 14. Rab1 Rb8 15. Bxa7 {½-½ (48) Abdel Kader,E (1816)-Zayan,O (2233) Cairo 2016}) 9... Nf6 {[%emt 0:02:46]} 10. Nc3 {[%emt 0:02:21]} O-O {[%emt 0:00:49]} 11. g3 {[%emt 0:06:54] [#]} (11. Kg1 $17) 11... Ne5 $1 {[%emt 0:06:32]} 12. Qb3 {[%emt 0:10:57]} (12. Be2 $17 {was worth a try.}) 12... Nxf3 {[%emt 0:02:28]} 13. Nxf3 {[%emt 0:00:26]} Qh5 {[%emt 0:03:50]} 14. Nd4 {[%emt 0:06:48]} (14. Kg2 {was called for.}) 14... b6 {[%emt 0:02:14]} 15. h4 {[%emt 0:05:04]} Bb7 {[%emt 0:01:06]} 16. Rg1 {[%emt 0:02:13]} Ng4 {[%emt 0:03:49]} 17. Nd5 {[%emt 0:17:55]} Nxe3+ {[%emt 0:01:52]} 18. fxe3 {[%emt 0:00:57]} e6 {[%emt 0:02:29]} 19. Nf4 {[%emt 0:03:04]} Qe5 {[%emt 0:03:49]} 20. Rd1 {[%emt 0:16:44]} Rfd8 {[%emt 0:04:32]} 21. g4 {[%emt 0:07:02]} Qe4 {[%emt 0:04:48]} 22. Nb5 {[%emt 0:02:25]} d5 {[%emt 0:13:19]} 23. cxd5 {[%emt 0:05:26]} Bxd5 {[%emt 0:00:17]} 24. Nxd5 {[%emt 0:01:41]} Rxd5 {[%emt 0:00:50]} 25. Rxd5 {[%emt 0:02:29]} exd5 {[%emt 0:00:07]} 26. Kf2 {[%emt 0:00:47]} Rc8 {[%emt 0:04:48]} (26... Qe7 $142 27. g5 Qe4) 27. Nc3 $2 {[%emt 0:00:41]} (27. Nd6 {only move.} Qc2+ 28. Qxc2 Rxc2+ 29. Kf3) 27... Bxc3 {[%emt 0:01:28]} 28. bxc3 {[%emt 0:00:01]} Re8 {[%emt 0:00:48]} 29. Rg3 {[%emt 0:00:45]} Qd3 {[%emt 0:02:41]} 30. Qa4 {[%emt 0:00:47]} Qd2+ {[%emt 0:04:16]} 31. Kf1 {[%emt 0:00:06]} Rxe3 {[%emt 0:01:38]} 32. Rxe3 {[%emt 0:00:01]} Qxe3 {[%emt 0:00:10]} 33. Qxa7 {[%emt 0:00:27]} Qh3+ {[%emt 0:01:31]} 34. Ke1 {[%emt 0:01:00]} Qxc3+ {[%emt 0:00:26]} 35. Ke2 {[%emt 0:00:52]} Qc4+ {[%emt 0:01:59]} 36. Ke3 {[%emt 0:00:31]} (36. Kf3 $142 Qe4+ 37. Kg3) 36... Qc3+ $2 {[%emt 0:01:01]} (36... Qxg4 $19 37. Qb8+ Kg7) 37. Ke2 $1 {[%emt 0:00:21]} Qe5+ {[%emt 0:00:33]} 38. Kd3 {[%emt 0:00:40]} Qd6 {[%emt 0:02:20]} 39. g5 {[%emt 0:00:29]} Kg7 {[%emt 0:01:34]} 40. Kc2 {[%emt 0:00:00]} Qc5+ {[%emt 0:00:00]} 41. Kd2 {[%emt 0:02:19]} (41. Kb1 $142 Qb4+ 42. Kc2) 41... d4 {[%emt 0:02:25]} 42. Qd7 {[%emt 0:04:51]} Qc3+ {[%emt 0:01:22]} 43. Ke2 {[%emt 0:02:10]} Qe3+ {[%emt 0:00:12]} 44. Kd1 {[%emt 0:00:28]} d3 {[%emt 0:01:46]} 45. Qc6 {[%emt 0:01:22]} Qe2+ {[%emt 0:00:44] Double Attack} 46. Kc1 {[%emt 0:00:26]} d2+ {[%emt 0:00:06]} 47. Kb2 {[%emt 0:00:14]} d1=Q+ {[%emt 0:00:09]} 48. Ka3 {[%emt 0:00:41]} Qdd3+ {[%emt 0:00:37]} 49. Kb4 {[%emt 0:01:23]} Qg4+ {[%emt 0:00:34] Double Attack} 50. Qe4 {[%emt 0:00:51]} Qgxe4# {[%emt 0:00:09]} 0-1

[Event "XIV Figueira da Foz Open 2020"]
[Site "Figueira da Foz"]
[Date "2020.10.30"]
[Round "8.15"]
[White "Dantas, Carlos"]
[Black "Fonseca, Pedro Miguel Ramos"]
[Result "1-0"]
[WhiteElo "2126"]
[BlackElo "1590"]
[Annotator "TA"]
[PlyCount "139"]
[EventDate "2020.10.24"]
[EventType "swiss"]
[EventCountry "POR"]
[SourceTitle "playchess.com"]
[Source "ChessBase"]
[SourceQuality "1"]

{[%evp 20,139,65,0,1,-17,25,0,0,0,0,-3,22,27,47,49,31,20,61,77,123,84,85,84,82,89,126,124,130,129,129,130,267,268,266,248,249,260,267,260,240,168,190,178,176,187,247,216,233,88,138,95,88,12,12,0,299,302,302,294,447,435,422,303,297,303,303,303,303,303,303,298,294,252,246,206,646,641,625,505,491,483,628,591,797,766,675,654,6035,10399,6398,6141,29968,29970,29971,29972,29973,29974,29974,29975,29975,29973,29973,29975,29974,29974,29974,29975,29975,29976,29976,29976,29977,29978,29979,29980,29983,29986,29986,29987,29988,29988]} 1. e4 e5 2. Nf3 Nc6 3. Bb5 a6 4. Ba4 Nf6 5. d3 b5 6. Bb3 Be7 7. c3 O-O 8. O-O Bb7 9. Nbd2 d5 10. Re1 Re8 11. Qe2 (11. exd5 $14 Nxd5 12. Nxe5) 11... Bf8 $11 {C86: Closed Ruy Lopez: Worrall Attack.} 12. a4 Qd7 {[#]} 13. Nf1 $146 {[%cal Bd2f1,Bf1e3,Be3d5][%mdl 32]} ({Predecessor:} 13. axb5 axb5 14. Rxa8 Bxa8 15. exd5 Nxd5 16. Ne4 h6 17. Nh4 Be7 18. Qh5 Bxh4 19. Qxh4 {½-½ (56) Rasmussen,B-Burstow,J Manitoba 1991}) 13... Na5 {The position is equal.} 14. Bc2 $1 dxe4 15. dxe4 Bc6 {[%cal Rb5a4]} 16. Bg5 Qe6 17. Bxf6 Qxf6 18. Ne3 bxa4 19. Bxa4 Qe6 20. b4 Bxa4 21. Rxa4 Nb7 22. Rea1 {[%cal Ra4a6]} a5 23. Nd5 Rac8 24. bxa5 Nc5 25. R4a2 f5 (25... c6 $16) 26. Ng5 $18 Qg6 27. h4 h6 28. Qc4 {[#] White threatens Nf6+! and mate.} Kh8 29. exf5 Qxf5 30. Ne3 Qg6 31. Nf3 $40 {[%mdl 128] White attacks with force.} e4 32. Nd4 Na6 (32... Qa6 {might work better.} 33. Qxa6 Nxa6) 33. h5 Qf6 34. Nc6 (34. Rb1 $18 {has better winning chances.}) 34... Nc5 $16 35. Nb4 Bd6 36. Rd1 ({White should try} 36. g3 $16) 36... Qh4 $11 37. g3 Qxh5 $2 {[%mdl 8192] White stays focused until the end.} (37... Bxg3 $1 $11 {and Black has nothing to worry.} 38. fxg3 (38. Qxc5 $2 Qh2+ 39. Kf1 Rf8 $19) 38... Qxg3+ 39. Ng2 Ne6) 38. Rd5 $18 Re5 39. a6 Rg5 (39... Rxd5 $142 40. Nbxd5 Ra8) 40. Rxg5 Qxg5 41. Qd5 Qxd5 42. Nexd5 ({Less strong is} 42. Nbxd5 Ra8 $16) 42... Kg8 43. a7 Ra8 44. Nc6 Kf7 45. Rb2 Na6 46. Rb7 {[#] Threatens to win with Nb6.} Ke6 47. Ndb4 Nxb4 $2 (47... Kd7) 48. cxb4 {[%mdl 4096] Endgame KRB-KRN} Kd5 49. b5 Bc5 50. Rxc7 e3 51. fxe3 Bxe3+ 52. Kg2 Bb6 53. Rb7 Kc5 54. Rb8 Rxa7 55. Nxa7 Bxa7 {KR-KB} 56. Rb7 {White mates.} Bb6 57. Rxg7 Kxb5 58. Rg6 Be3 59. Kf3 Bd2 60. Rd6 Bc1 61. Kg4 Kc5 62. Rd1 Be3 63. Kh5 Kc6 64. g4 Bg5 65. Kg6 Kc7 66. Rh1 Kd7 67. Rxh6 Bxh6 68. Kxh6 Ke7 69. g5 Kf8 70. Kh7 {Av CentiPawn Loss W=55/B=7. Weighted=82/-17} 1-0

[Event "XIV Figueira da Foz Open 2020"]
[Site "Figueira da Foz"]
[Date "2020.10.30"]
[Round "8.16"]
[White "Silva, Jose Lucas Ferreira"]
[Black "Santos, Luis Manuel Freire R"]
[Result "0-1"]
[WhiteElo "1336"]
[BlackElo "1891"]
[Annotator "NA RC"]
[PlyCount "48"]
[EventDate "2020.10.24"]
[EventType "swiss"]
[EventCountry "POR"]
[SourceTitle "playchess.com"]
[Source "ChessBase"]
[SourceQuality "1"]
[TimeControl "40/5400+30:1800+30"]

{[%evp 8,47,22,22,37,36,45,39,47,31,89,89,82,59,60,50,32767,32767,32767,32767,80,67,75,54,54,28,55,52,48,60,63,-60,-31,-228,-226,32767,32767,32767,32767,32767,-29999,-29999]} 1. e4 {[%emt 0:00:00]} e5 {[%emt 0:04:32]} 2. Nf3 {[%emt 0:00:00]} Nc6 {[%emt 0:00:22]} 3. d4 {[%emt 0:00:00]} exd4 {[%emt 0:01:40]} 4. Bc4 {[%emt 0:00:00]} Be7 {[%emt 0:01:16]} 5. Nxd4 {[%emt 0:00:22]} Nxd4 {[%emt 0:02:16]} 6. Qxd4 {[%emt 0:00:16]} Nf6 {[%emt 0:00:33]} 7. Nc3 {[%emt 0:01:04]} d6 {[%emt 0:04:11]} 8. O-O {[%emt 0:02:14]} c5 {[%emt 0:02:43]} (8... O-O $14) 9. Qd3 {[%emt 0:01:01]} O-O {[%emt 0:00:43]} 10. Nd5 {[%emt 0:01:56] [#]} Be6 $146 {[%emt 0:04:31] C47: Scotch Four Knights and Four Knights with 4 g3.} ({Predecessor:} 10... Nxd5 11. Bxd5 Qc7 12. Bf4 Be6 13. Rad1 Rad8 14. Rd2 a6 15. Rfd1 b5 16. Bxe6 fxe6 17. Bxd6 Rxd6 18. Qg3 Rxd2 19. Rxd2 Qxg3 20. hxg3 {0-1 (59) Monsalve,A (2097)-Ruiz,M (2060) Bogota 2008}) 11. Rd1 {[%emt 0:02:21]} Nxd5 {[%emt 0:03:11]} 12. Bxd5 {[%emt 0:00:07]} Qd7 {[%emt 0:01:57]} 13. Bf4 {[%emt 0:01:39]} Rfd8 {[%emt 0:05:18]} 14. Qg3 {[%emt 0:01:43]} g6 {[%emt 0:04:57]} 15. Qc3 {[%emt 0:01:42]} Bf8 {[%emt 0:02:09]} 16. Bg5 {[%emt 0:01:19]} Bg7 {[%emt 0:02:49]} 17. Bf6 {[%emt 0:00:08]} Bxf6 {[%emt 0:03:23]} 18. Qxf6 {[%emt 0:00:06]} Re8 {[%emt 0:01:48]} 19. e5 {[%emt 0:01:39]} ({White should play} 19. f3 $14) 19... dxe5 {[%emt 0:07:32]} 20. Qxe5 $2 {[%emt 0:03:04]} (20. Bxe6 $15 Qxe6 21. Qxe6 Rxe6 22. Rd7) 20... Bg4 $1 {[%emt 0:00:44] Discovered Attack} 21. Qc3 {[%emt 0:02:27]} Bxd1 {[%emt 0:01:18]} 22. Rxd1 {[%emt 0:00:05]} Qe7 {[%emt 0:01:56]} 23. Qf3 {[%emt 0:01:53] [#]} Qe1+ $1 {[%emt 0:02:05] Back Rank} 24. Rxe1 {[%emt 0:00:04]} Rxe1# 0-1

[Event "XIV Figueira da Foz Open 2020"]
[Site "Figueira da Foz"]
[Date "2020.10.30"]
[Round "8.17"]
[White "Marcal, Armando Paulo Gomes"]
[Black "Roettgen, Juergen"]
[Result "0-1"]
[WhiteElo "1652"]
[BlackElo "2099"]
[Annotator "TA"]
[PlyCount "118"]
[EventDate "2020.10.24"]
[EventType "swiss"]
[EventCountry "POR"]
[SourceTitle "playchess.com"]
[Source "ChessBase"]
[SourceQuality "1"]

{[%evp 9,118,-3,56,28,13,-6,0,-9,-10,-11,-9,-77,-73,-78,8,18,33,19,57,-10,0,-40,-25,-58,-53,-144,-154,-198,-206,-382,-378,-364,-370,-390,-400,-394,-383,-422,-438,-402,-358,-346,-337,-368,-399,-389,-377,-430,-445,-432,-81,-62,0,-474,-452,-443,-402,-438,-390,-601,-532,-533,0,-142,-150,-621,-614,-605,-603,-597,-586,-560,-548,-695,-695,-668,-659,-672,-666,-715,-699,-788,-783,-768,-770,-745,-635,-661,-578,-686,-659,-713,-702,-846,-820,-817,-787,-1351,-1344,-1337,-1252,-1343,-1325,-1261,-1277,-1154,-1168,-1362,-1372,-991,-1225]} 1. e4 c5 2. Nf3 e6 3. d4 cxd4 4. Nxd4 Nc6 5. Be3 Qc7 (5... Nf6 $11) 6. Nd2 {Strongly threatening Nb5. B44: Sicilian: Taimanov: 5 Nb5.} a6 7. N2b3 Nf6 8. Nxc6 {The position is equal.} bxc6 9. Bd3 d5 10. f3 (10. exd5 $11 {keeps the balance.} Nxd5 11. Bd2) 10... Bd6 {[#]} 11. Qe2 $146 ({Predecessor:} 11. Qd2 c5 12. c4 O-O 13. cxd5 exd5 14. Rc1 dxe4 15. fxe4 Re8 16. Nxc5 Bxh2 17. Bd4 {0-1 (25) Nai,G (1852)-Khaetsky,R (2410) Lesa 2012}) 11... Bxh2 (11... O-O $17) 12. O-O-O $11 dxe4 13. fxe4 h5 14. g3 (14. Nd2 $14) 14... Bxg3 15. Qf3 Be5 16. Rdg1 g6 17. Rg5 (17. Nd2 $15) 17... Ng4 $17 18. Rxe5 Qxe5 19. Bf4 $2 (19. Bc5 {keeps fighting.}) 19... Qf6 $19 20. e5 Nxe5 21. Qe4 Nxd3+ 22. cxd3 O-O 23. Rg1 Qf5 24. Qe3 {If only White now had time for Rg5....} Rd8 25. Nc5 f6 26. Bc7 Rd5 27. Ne4 {Qh6 is the strong threat.} g5 28. Bd8 Rxd8 29. Nxg5 Kf8 $2 (29... fxg5 $19 {and Black stays clearly on top.} 30. Rxg5+ Kf7 31. Rxf5+ exf5) 30. Ne4 $17 {White threatens Qh6+ and mate.} Qh7 ({Black should try} 30... e5 $1 $15 31. Qh6+ Ke7 32. Qg7+ Ke6 33. Nc5+ Kd5) 31. Qc5+ $2 {[%mdl 8192]} (31. Nxf6 $11 Qxd3 32. Qc5+ Kf7 33. Qxh5+ Ke7 34. Qc5+ Rd6 35. Rg7+ Kf8 36. Rg8+ Ke7 37. Rg7+ Kf8 38. Rg8+ Ke7 39. Rg7+) 31... Kf7 $19 32. Nd6+ {[#]} Rxd6 $1 33. Qxd6 {Qc7+ would kill now.} Ra7 {[#]} 34. Qd8 (34. Qb8 $142 $1 {[%mdl 512]} Qh6+ 35. Kb1) 34... Bd7 {And now ...Rb7 would win.} 35. Qb8 Qxd3 $2 (35... Qh6+ $19 36. Kb1 Qe3 {[%mdl 64] Double Attack} 37. Qg8+ Ke7 38. Rg7+ Kd6 39. Qb8+ Rc7 40. Qb4+ Qc5) 36. Qg8+ ({White has to play} 36. Qxa7 $11 Qc4+ 37. Kb1 Qd3+ 38. Kc1 Qc4+ 39. Kb1 Qd3+ 40. Kc1) 36... Ke7 $17 37. Qg7+ $2 {Loses the game.} (37. Rg7+ $17 Kd6 38. Qb8+ Rc7 39. Qb4+ Kd5 40. Qa5+ Kd6 41. Qb4+ c5 42. Qb6+ Kd5 43. Qxc7 Qe3+ 44. Kb1 Qe4+ 45. Kc1 Qe3+ 46. Kc2 Qe4+ 47. Kd2 Qd4+ 48. Kc2 Qf2+ 49. Kc1 Qe3+) 37... Kd8 $19 {Black is clearly winning.} 38. Qxf6+ Kc7 {Hoping for ...Qe3+.} 39. Qe5+ Qd6 40. Qa5+ Kb7 41. Qc3 Qf4+ 42. Kb1 Qf5+ 43. Ka1 Ra8 44. a4 Rf8 45. Qb4+ Kc7 46. Rd1 Rf7 47. Qd4 a5 48. Qa7+ Kd8 49. Qb8+ Ke7 50. Qd6+ Kf6 51. Qd4+ Kg6 52. Rg1+ Kh7 53. Qh4 Rg7 54. Rxg7+ Kxg7 55. Qe7+ Qf7 56. Qg5+ Kh7 57. Qxa5 h4 {White must now prevent ...h3.} 58. Qg5 Qf1+ 59. Ka2 Qc4+ {Av CentiPawn Loss W=-36/B=-20. Weighted=-42/-48} 0-1